Ultimate Harry Potter Movies Quiz - GROUPS OF 9 - Statistics

General Stats
  • This quiz has been taken 182 times
    95 since last reset
  • The average score is 41 of 54
Answer Stats
Hint Answer % Correct
Weasley Family Arthur Weasley
100%
Main Dumbledore's Army Arthur Weasley
100%
Weasley Family Bill Weasley
100%
Weasley Family Fred Weasley
100%
Main Order of the Phoenix Members Fred Weasley
100%
Weasley Family George Weasley
100%
Main Order of the Phoenix Members George Weasley
100%
Weasley Family Ginny Weasley
100%
Main Order of the Phoenix Members Ginny Weasley
100%
Weasley Family Molly Weasley
100%
Main Dumbledore's Army Molly Weasley
100%
Weasley Family Percy Weasley
100%
Weasley Family Ron Weasley
100%
Main Order of the Phoenix Members Ron Weasley
100%
Weasley Family Charlie Weasley
98%
Hogwarts Teachers Minerva McGonagall
97%
Main Order of the Phoenix Members Harry Potter
94%
Main Order of the Phoenix Members Neville Longbottom
94%
Hogwarts Classes Potions
94%
Hogwarts Teachers Severus Snape
94%
Main Dumbledore's Army Severus Snape
94%
Hogwarts Teachers Filius Flitwick
92%
Main Order of the Phoenix Members Hermione Granger
92%
Main Order of the Phoenix Members Luna Lovegood
90%
Main Dumbledore's Army Remus Lupin
90%
Main Dumbledore's Army Albus Dumbledore
89%
Main Dumbledore's Army Nymphadora Tonks
89%
Hogwarts Teachers Rubeus Hagrid
89%
Hogwarts Teachers Pomona Sprout
87%
Main Dumbledore's Army Sirius Black
86%
Hogwarts Classes Transfiguration
84%
Hogwarts Teachers Sybil Trelawney
83%
Main Order of the Phoenix Members Cho Chang
81%
Hogwarts Classes Charms
79%
Hogwarts Classes Divination
79%
Main Dumbledore's Army Alastor "Mad-Eye" Moody
76%
Hogwarts Classes Herbology
76%
Hogwarts Classes Care of Magical Creatures
75%
Main Dumbledore's Army Kingsley Shacklebolt
71%
Hogwarts Teachers Rolanda Hooch
71%
Hogwarts Classes Flying
70%
Hogwarts Classes Muggle Studies
63%
Hogwarts Teachers Horace Slughorn
59%
Hogwarts Classes Ancient Runes
56%
Hogwarts Teachers Charity Burbage
40%
Weasley & Weasley Products Puking Pastilles
29%
Weasley & Weasley Products Love Potion
24%
Weasley & Weasley Products Extendable Ear
22%
Weasley & Weasley Products Peruvian Instant Darkness Powder
21%
Weasley & Weasley Products Nosebleed Nougat
19%
Weasley & Weasley Products Thor's Thunder Cracker
19%
Weasley & Weasley Products Fainting Fancies
10%
Weasley & Weasley Products Fever Fudge
10%
Weasley & Weasley Products Skiving Snackboxes
10%
No matching quizzes found
Score Distribution
Percent of People with Each Score
Percentile by Number Answered
Your Score History
You have not taken this quiz since the last reset